000 00851nam a2200277Ia 4500
003 OSt
005 20250917122247.0
008 210210b2015 xxu||||| |||| 00| 0 eng d
020 _a8186668934
040 _cAL
041 _aKannada
082 _aK894.9 NAVP
100 _aNAVADA (Gayatri) Ed
_9142434
_dಗಾಯತ್ರಿ ನಾವಡ
245 _aPejavara Sadashiva Rav: nurara nudi namana
_bಪೇಜಾವರ ಸದಾಶಿವರಾವ್ : ನೂರರ ನುಡಿ ನಮನ
260 _aUdupi
_bRastrakavi Govinda Pai Samshodhana Kendra.,
_c2015
300 _a344
650 _aSadashiva
_9142435
650 _aRav:
_9142436
650 _aPejavara
_9142437
650 _anurara
_9142438
650 _anudi
_9142439
650 _anamana
_9142440
690 _aKannada Criticism
_9142441
906 _a071401
942 _2ddc
_cBK
999 _c120754
_d120754